01160 2200301 4500001002100000005001500021035002000036007000300056008004100059020002200100082001200122084002100134100002700155245015800182300005900340650002400399650001800423700002500441700002500466700003400491700002400525520017100549264004800720336002100768337003000789338002300819990001600842INLIS00000000116392920240506102335 a0010-0424000097ta240506 a | ind  a978-623-8158-51-5 a2X4.157 aSR 2X4.157 IZD a0 aIzdihar Kamilepenulis1 aABC Al Aqsa :bsakeena interactive learning alphabet book /cIzdihar Kamil, Canul Kamil, Fufu Elmart;, ilustrator, Vicky Tito Guizar; editor, Ayu Lestari a1 jilid (halaman tidak bernomor) :bilustrasi ;c15 cm 4aTempat Suci (Islam) 4aMasjidil Aqsa0 aCanul Kamilepenulis0 aFufu Elmartepenulis0 aVicky Tito Guizareilustrator0 aAyu Lestarieeditor aMari kita bertualang bersama untuk belajar alfabet serta mengeksplorasi keindahan Al-Aqsa dan sekitarnya, melalui ilustrasi dalam buku ini yang seru dan menyenangkan. aYogyakarta :bSakeena Lentera Berkah,c2024 2rdacontentaTeks 2rdamediaaTanpa perantara 2rdacarrieraVolume a52850.65670